भारत बनाम इण्डिया / (Record no. 115276)

MARC details
000 -LEADER
fixed length control field 01087nam a22002537a 4500
005 - DATE AND TIME OF LATEST TRANSACTION
control field 20170124103021.0
010 ## - LIBRARY OF CONGRESS CONTROL NUMBER
LC control number A-700211
020 ## - INTERNATIONAL STANDARD BOOK NUMBER
Terms of availability 70.00
035 ## - SYSTEM CONTROL NUMBER
System control number A-700211
037 ## - SOURCE OF ACQUISITION
Source of stock number/acquisition Cen Lib/Ret
040 ## - CATALOGING SOURCE
Original cataloging agency DPL
Language of cataloging HN
082 ## - DEWEY DECIMAL CLASSIFICATION NUMBER
Classification number
Item number गोस्वामी
100 ## - MAIN ENTRY--PERSONAL NAME
Personal name गोस्वामी, श्रवण कुमार
9 (RLIN) 46678
245 ## - TITLE STATEMENT
Title भारत बनाम इण्डिया /
Statement of responsibility, etc श्रवण कुमार गोस्वामी
246 ## - VARYING FORM OF TITLE
Title proper/short title Bhaarat banam India /
Remainder of title by Shravan Kumar Goswami
260 ## - PUBLICATION, DISTRIBUTION, ETC. (IMPRINT)
Place of publication, distribution, etc इलाहाबाद
Name of publisher, distributor, etc जयभारती प्रकाशन
Date of publication, distribution, etc 1993
270 ## - ADDRESS
Address 447, पीली कोठी, नई बस्ती, कीडगंज
City इलाहाबाद
300 ## - PHYSICAL DESCRIPTION
Extent 203पृ.
Dimensions 17सेमी (सजिल्द)
650 ## - SUBJECT ADDED ENTRY--TOPICAL TERM
Topical term or geographic name as entry element हिन्दी -- साहित्य
9 (RLIN) 60690
650 ## - SUBJECT ADDED ENTRY--TOPICAL TERM
Topical term or geographic name as entry element हिन्दी -- उपन्यास
9 (RLIN) 60691
650 ## - SUBJECT ADDED ENTRY--TOPICAL TERM
Topical term or geographic name as entry element Hindi -- Literature
9 (RLIN) 60692
650 ## - SUBJECT ADDED ENTRY--TOPICAL TERM
Topical term or geographic name as entry element Hindi -- Fiction
9 (RLIN) 27248
942 ## - ADDED ENTRY ELEMENTS (KOHA)
Source of classification or shelving scheme Dewey Decimal Classification
Koha item type Hindi Books
Classification part
Call number suffix गोस्वामी
Holdings
Withdrawn status Lost status Damaged status Not for loan Home library Current library Date acquired Source of acquisition Cost, normal purchase price Total Checkouts Full call number Barcode Date last seen Date checked out Copy number Cost, replacement price Price effective from Koha item type Public note
Written off       Central Library Central Library 19/08/2015 Cen Lib/Ret 70.00 1 उ गोस्वामी A-700211 27/03/2019 25/03/2019 1 70.00 19/08/2015 Hindi Books Written off on approval by DLB (By Circulation); dtd 15-06-2023

© Delhi Public Library
Hit Counter
free hit counter